000 02000nam a2200517 4500
001 9471
090 _a9471
099 _tLIVR
100 _a20260220d u||y0frey5050 ba
101 _afre
102 _aFR
200 _aCulture et communication N°28/29
_bLIVR
_eApproches de la photographie
_fMichel Delaborde
210 _aParis
_cLa Documentation Française
_d juin/juillet 1980
215 _a122 p.
600 _aJay
_bPaul
_xLes empreintes du réel par Paul Jay
_925812
600 _aChrist
_bYvan
_xL’aventure de la chambre noire par Yvan Christ
_925813
600 _aTournier
_bMichel
_xRencontre avec Michel Tournier
_925814
600 _aIzis
_xLa mort d’un poète: Izis
_925815
606 _aHistoire de la photographie
_xTechnique photographique
_xPhotographes français
_xEssais
_925816
700 _4Rédacteur en chef
_aDelaborde
_bMichel
_925817
701 _4600
_aBrassaï
_915866
701 _4600
_aCartier-Bresson
_b Henri
_925818
701 _4600
_aLartigue
_bJacques-Henri
_925819
701 _4600
_aFreund
_bGisèle
_925820
701 _4600
_aDieuzaide
_bJean
_925821
701 _4600
_aRiboud
_bMarc
_925822
701 _4600
_aFranck
_bMartine
_925823
701 _4600
_aLattes
_b Jean
_925824
701 _4600
_aPlossu
_bBernard
_925825
701 _4600
_aLe Querrec
_bGuy
_925826
701 _4600
_aDoisneau
_bRobert
_925827
701 _4600
_aMoon
_bSarah
_925828
701 _4600
_aBoubat
_bEdouard
_925829
701 _4600
_aNiepce
_bJanine
_925830
701 _4600
_aBatho
_bClaude
_925831
701 _4600
_aKlein
_bWilliam
_925832
701 _4600
_aClergue
_bLucien
_925833
701 _4600
_aGautrand
_b Jean-Claude
_925834
701 _4600
_aRonis
_bWilly
_925835
701 _4600
_aDescamps
_bBernard
_925836
701 _4600
_a Kuligowski
_bEddie
_925837
701 _4600
_aIzis
_925838
701 _4600
_aAtget
_bEugene
_925839
701 _4600
_aMarey
_bJules Etienne
_925840
701 _4600
_aNadar
_925841
801 _aFR
_b595126101
_cYYYYMMDD
_gAFNOR